000 02544nam0a2200337 4500
001 RU\NLR\BIBL_A\012684350
005 20250218110519.0
021 _aRU
_bКН-П-21-063078
_9КН-П-21-4953
035 _a(NLR Aleph) 012684350
035 _a(RuMoRGB)010802362
090 _a12825984
_c12825984
100 _a20220114d2021 u y0rusy50 ca
101 0 _arus
102 _aRU
105 _aac||j|||000zy
181 0 _ai
_baxxe
182 1 _an
200 1 _aТехнологии современного образования (по профилю подготовки)
_eучебное пособие
_eдля преподавателей и студентов факультета спортивного менеджмента, педагогики и психологии КГУФКСТ, педагогов сферы физической культуры и спорта
_fМинистерство спорта Российской Федерации, Федеральное государственное бюджетное образовательное учреждение высшего образования "Кубанский государственный университет физической культуры, спорта и туризма"
_gавторы-составители: кандидат педагогических наук, доцент Н.В. Иванова [и др.]
203 _aТекст
_bвизуальный
_cнепосредственный
210 _aКраснодар
_cредакционно-издательский отдел Кубанского государственного университета физической культуры, спорта и туризма
_d2021
215 _a167 с.
_cил., портр., табл.
_d21
320 _aБиблиогр.: с. 163-167 (36 назв.)
606 1 _aПедагогические технологии
_jУчебные издания
_92076378
_3RU\NLR\AUTH\661251519
686 1 _aЧ312я7
702 1 _4220
_aИванова
_bН. В.
_cканд. пед. наук, физ. воспитание
_gНина Владимировна
_9170630
_3RU\NLR\AUTH\770170680
712 0 2 _4475
_aКубанский государственный университет физической культуры, спорта и туризма
_cКраснодар
_9679053
_3RU\NLR\AUTH\8810088745
942 _cBOOK
980 _aNB